| 000 | 00440nam a22001817a 4500 | ||
|---|---|---|---|
| 003 | CEME | ||
| 005 | 20210628204430.0 | ||
| 008 | 210127b xxu||||| |||| 00| 0 eng d | ||
| 020 | _a0-8031-1882-1 | ||
| 040 | _c. | ||
| 082 | _a620.1126 ERD | ||
| 100 |
_aErdogan, Fazil _970324 |
||
| 245 | _aFracture mechanics 25th volume | ||
| 260 |
_aUSA _bASTM _c1995 |
||
| 300 | _aXII,711P | ||
| 650 |
_aFRACTURE MECHANICS _91528 |
||
| 942 |
_cBK _2ddc |
||
| 999 |
_c577318 _d577318 |
||